|
|
|
|
| LEADER |
00000nta a2200000 i 4500 |
| 001 |
dolg34314 |
| 005 |
20210917063709.0 |
| 008 |
210917s2013 hu om 000 hun d |
| 040 |
|
|
|a BGE Dolgozattár Repozitórium
|b hun
|
| 041 |
|
|
|a hu
|
| 100 |
1 |
|
|a Göndöcz Gábor
|
| 245 |
1 |
2 |
|a A magyarországi kisvállalkozások pénzügyi forráslehetőségei a 2008-as válságban és azt követően avagy A banki hitelezési gyakorlat változásának bemutatása
|c Göndöcz Gábor
|h [elektronikus dokumentum]
|
| 260 |
|
|
|c 2013
|
| 695 |
|
|
|a Vállalatfinanszírozás
|
| 695 |
|
|
|a Hitelezés
|
| 700 |
1 |
|
|a Nincs adat Nincs adat
|e ths
|
| 856 |
4 |
0 |
|u http://dolgozattar.uni-bge.hu/34314/1/D_16355_OINNUY%20-%20G%C3%B6nd%C3%B6cz%20G%C3%A1bor.pdf
|z Dokumentum-elérés
|